<?xml version="1.0" encoding="UTF-8"?>
<collection xmlns="http://www.loc.gov/MARC21/slim">
 <record>
  <leader>     na                 </leader>
  <controlfield tag="001">INLIS000000000000668</controlfield>
  <controlfield tag="005">20220113084841</controlfield>
  <controlfield tag="035">$a 0010-0122000002</controlfield>
  <controlfield tag="245">$a Komik next G: Tenteram dengan shalat /$c Nafila Radyana syamma</controlfield>
  <controlfield tag="100">$a Nafila Radyana syamma</controlfield>
  <controlfield tag="250">$a 2</controlfield>
  <controlfield tag="300">$a 96 hlm : $b ilus ; $c 14.5 x 21 cm</controlfield>
  <controlfield tag="260">$a Bandung :$b Muffin graphics,$c 2021</controlfield>
  <controlfield tag="082">$a 813</controlfield>
  <controlfield tag="084">$a 813 NAF k</controlfield>
  <controlfield tag="020">$a 978-602-367-903-4</controlfield>
  <controlfield tag="990">$a 0300/2021</controlfield>
  <controlfield tag="990">$a 0301/2021</controlfield>
 </record>
</collection>
